Steady regimes of conversion in a viscoelastic medium; Combustion, Explosion, and Shock Waves; Vol. 42, iss. 5
| Parent link: | Combustion, Explosion, and Shock Waves Vol. 42, iss. 5.— 2006.— [P. 549-558] |
|---|---|
| Autor principal: | |
| Outros Autores: | |
| Resumo: | Title screen The problem of propagation of a steady conversion front in a viscoelastic medium is solved by the method of matched asymptotic expansions in the approximation of low strains. The heat flux is assumed to satisfy the Fourier law, and the components of the stress and strain tensors are related by the Maxwell relations including the shear coefficient of viscosity. The temperature of the products and the velocity of propagation of the steady reaction front are found. The solution of the problem is obtained for the limiting cases of the small and large times of relaxation of viscous stresses. It is demonstrated that the model contains different regimes of reaction-front propagation, like the coupled models of solid-phase combustion for a thermoelastic body, and viscous stresses insert additional features. Режим доступа: по договору с организацией-держателем ресурса |
| Idioma: | inglês |
| Publicado em: |
2006
|
| Assuntos: | |
| Acesso em linha: | http://link.springer.com/article/10.1007/s10573-006-0087-6 |
| Formato: | Recurso Electrónico Capítulo de Livro |
| KOHA link: | https://koha.lib.tpu.ru/cgi-bin/koha/opac-detail.pl?biblionumber=638060 |
MARC
| LEADER | 00000naa0a2200000 4500 | ||
|---|---|---|---|
| 001 | 638060 | ||
| 005 | 20250127111000.0 | ||
| 035 | |a (RuTPU)RU\TPU\network\2278 | ||
| 090 | |a 638060 | ||
| 100 | |a 20141127d2006 k||y0rusy50 ba | ||
| 101 | 0 | |a eng | |
| 102 | |a RU | ||
| 135 | |a drcn ---uucaa | ||
| 181 | 0 | |a i | |
| 182 | 0 | |a b | |
| 200 | 1 | |a Steady regimes of conversion in a viscoelastic medium |f A. G. Knyazeva, S. N. Sorokova | |
| 203 | |a Text |c electronic | ||
| 300 | |a Title screen | ||
| 320 | |a [References: p. 558 (8 tit.)] | ||
| 330 | |a The problem of propagation of a steady conversion front in a viscoelastic medium is solved by the method of matched asymptotic expansions in the approximation of low strains. The heat flux is assumed to satisfy the Fourier law, and the components of the stress and strain tensors are related by the Maxwell relations including the shear coefficient of viscosity. The temperature of the products and the velocity of propagation of the steady reaction front are found. The solution of the problem is obtained for the limiting cases of the small and large times of relaxation of viscous stresses. It is demonstrated that the model contains different regimes of reaction-front propagation, like the coupled models of solid-phase combustion for a thermoelastic body, and viscous stresses insert additional features. | ||
| 333 | |a Режим доступа: по договору с организацией-держателем ресурса | ||
| 461 | |t Combustion, Explosion, and Shock Waves | ||
| 463 | |t Vol. 42, iss. 5 |v [P. 549-558] |d 2006 | ||
| 610 | 1 | |a электронный ресурс | |
| 610 | 1 | |a труды учёных ТПУ | |
| 610 | 1 | |a термические напряжения | |
| 610 | 1 | |a thermal stresses | |
| 610 | 1 | |a вязкоупругие среды | |
| 700 | 1 | |a Knyazeva |b A. G. |c Russian physicist |c Professor of Tomsk Polytechnic University, doctor of physico-mathematical Sciences |f 1962- |g Anna Georgievna |3 (RuTPU)RU\TPU\pers\32712 |9 16597 | |
| 701 | 1 | |a Sorokova |b S. N. |c specialist in the field of Informatics and computer engineering |c associate Professor of Tomsk Polytechnic University, programmer, candidate of physico-mathematical Sciences |f 1981- |g Svetlana Nikolaevna |3 (RuTPU)RU\TPU\pers\32711 |9 16596 | |
| 801 | 2 | |a RU |b 63413507 |c 20141128 |g RCR | |
| 856 | 4 | |u http://link.springer.com/article/10.1007/s10573-006-0087-6 | |
| 942 | |c CF | ||